| 000 | 00406nam a2200157Ia 4500 | ||
|---|---|---|---|
| 008 | 230312s9999||||xx |||||||||||||| ||und|| | ||
| 020 | _a0-538-83310-6 | ||
| 082 |
_a658.1511 _bBRU-A |
||
| 100 | _aBruns,William.J | ||
| 245 | 0 | _aAccounting For Managers | |
| 260 |
_bSouth-Western Publishing _aUSA _c1994 |
||
| 300 | _a5-176 | ||
| 546 | _aEng. | ||
| 650 |
_aAccounting _vAccounting For Managers |
||
| 942 | _cBK | ||
| 999 |
_c5861 _d5861 |
||